Geography of Borneo on a Map - Statistics

General Stats
  • This quiz has been taken 106 times
  • The average score is 17 of 35
Answers on the Map
Answers color-coded by a green-red scale on the quiz's map according to % correct below.
 
Answer Stats
Answer % Correct
Countries Brunei
99%
Countries Indonesia
97%
Countries Malaysia
97%
Past Empires British
93%
Past Empires Dutch
93%
Currencies Brunei Dollar
72%
Largest Cities Bandar Seri Begawan
70%
Bodies of Water Java Sea
61%
Bodies of Water South China Sea
61%
Subdivisions Sarawak
55%
Subdivisions Sabah
54%
Currencies Indonesian Rupiah
52%
Subdivisions East Kalimantan
51%
Subdivisions North Kalimantan
51%
Subdivisions South Kalimantan
51%
Subdivisions West Kalimantan
51%
Subdivisions Central Kalimantan
49%
Largest Cities Kuching
44%
Currencies Malaysian Ringgit
44%
Miscellaneous Mount Kinabalu
35%
Largest Cities Balikpapan
32%
Bodies of Water Celebes Sea
32%
Bodies of Water Makassar Strait
32%
Largest Cities Kota Kinabalu
31%
Largest Cities Pontianak
31%
Largest Cities Samarinda
30%
Largest Cities Sandakan
30%
Largest Cities Banjarmasin
28%
Bodies of Water Sulu Sea
28%
Largest Cities Tawau
25%
Past Empires Majapahit
24%
Largest Cities Miri
23%
Regional Capitals Palangka Raya
23%
Regional Capitals Tanjung Selor
21%
Bodies of Water Karimata Strait
7%
No matching quizzes found
Score Distribution
Percent of People with Each Score
Percentile by Number Answered
Your Score History
You have not taken this quiz